| 000 | 01402nam a22003857a 4500 | ||
|---|---|---|---|
| 003 | CHAP | ||
| 005 | 20220329143513.0 | ||
| 008 | 100303s1999 mx a r 00010 spa d | ||
| 010 | _a97665 | ||
| 011 | _a98637 | ||
| 020 | _a9685119023 | ||
| 035 | _a109322 | ||
| 040 | _cCHAP | ||
| 082 | 1 | 4 |
_a333.7097246 _bH53 |
| 110 | 1 |
_aHidalgo. Gobierno del Estado _955216 |
|
| 245 | 1 | 0 |
_aOrdenamiento ecológico territorial de Huasca de Ocampo _c/por Gobierno del Estado de Hidalgo |
| 260 |
_aMéxico, D.F. : _bGobierno del Estado de Hidalgo, Consejo Estatal de Ecología _c1999 |
||
| 300 |
_a71 p. : _bilus. |
||
| 590 |
_aBATCH-UPD _b10 _c20130110 _lUCH01 _h1638 |
||
| 590 |
_aBATCH-UPD _b10 _c20130410 _lUCH01 _h1029 |
||
| 590 |
_aBATCH-UPD _b10 _c20130914 _lUCH01 _h1056 |
||
| 590 |
_aCONVERSION _b10 _c20130109 _lUCH01 _h1354 |
||
| 650 | 1 | 4 |
_aCrecimiento de la población. _928873 |
| 650 | 1 | 4 |
_aDesarrollo de la comunidad rural _zHidalgo. _932038 |
| 650 | 1 | 4 |
_aLevantamiento fisiográfico _xHidalgo. _966410 |
| 650 | 1 | 4 |
_aMedio ambiente _xLeyes. _974098 |
| 650 | 1 | 4 |
_aMedio ambiente _xProtección. _974106 |
| 650 | 1 | 4 |
_aPoblación _zHidalgo. _989424 |
| 650 | 1 | 4 |
_aPolítica ambiental _zHidalgo. _990430 |
| 650 | 1 | 4 |
_aRecursos naturales _xAdministración. _995175 |
| 901 | _aBK | ||
| 911 | _aen proceso | ||
| 942 | _cLIBRO | ||
| 949 |
_a333.7097246 H53 _bBC _cLIBRO _d33724002106149 _eLIBRO _gI.c/e _h112010 _i109322 _sb |
||
| 999 |
_c97665 _d97665 |
||